Atatürk için diyorlar ki : (Kayıt no. 7792)
[ düz görünüm ]
| 000 -BAŞLIK | |
|---|---|
| Sabit Uzunluktaki Kontrol Alanı | 00632nam a22002057a 4500 |
| 003 - KONTROL NUMARASI KİMLİĞİ | |
| Kontrol Alanı | KOHA_MİRAKIL |
| 005 - EN SON İŞLEM TARİHİ ve ZAMANI | |
| Kontrol Alanı | 20241004083814.0 |
| 008 - SABİT UZUNLUKTAKİ VERİ ÖGELERİ - GENEL BİLGİ | |
| Sabit Alan | 241004b tu ||||| |||| 00| 0 tur d |
| 020 ## - ISBN - ULUSLARARASI STANDART KİTAP NUMARASI | |
| Isbn | 9786056793707 |
| 040 ## - KATALOGLAMA KAYNAĞI | |
| Özgün Kataloglama Kurumu | TR-AnABB |
| Kataloglama Dili | tur |
| Çeviri Kurumu | TR-AnABB |
| 041 ## - DİL KODU | |
| Metin ya da ses kaydının dil kodu | tur |
| 082 ## - DEWEY ONU SINIFLAMA SİSTEMİ | |
| Sınıflama Numarası | 956.1024 |
| Cutter numarası | ATA 2018 |
| 245 00 - ESER ADI BİLDİRİMİ | |
| Başlık | Atatürk için diyorlar ki : |
| Alt Eseradı vb. | Türk ve dünya basınından 450 isim 1150 söz / |
| Sorumluluk Bildirimi | derleyen: Selahaddin Çiller |
| 250 ## - BASIM BİLDİRİMİ | |
| Basım Bildirimi | 4. basım |
| 260 ## - YAYIN, DAĞITIM, VB. | |
| Yayın Yeri | Samsun : |
| Yayınevi | [yayl.y], |
| Yayın Tarihi | 2018 |
| 300 ## - FİZİKSEL TANIMLAMA | |
| Sayfa, Cilt vb. | 352 sayfa ; |
| Boyutları | 20 cm |
| 650 00 - KONU BAŞLIĞI EK GİRİŞ - KONU TERİMİ | |
| Konusal terim veya coğrafi ad | Tarih, Türkiye |
| 700 1# - EK GİRİŞ - KİŞİ ADI | |
| Yazar Adı (Kişi adı) | Çiller, Selahaddin, |
| İlişkili Terim | derleyen |
| 9 (RLIN) | 1255 |
| 942 ## - EK GİRİŞ ÖGELERİ (KOHA) | |
| Sınıflama Kaynağı | Dewey Decimal Classification |
| Materyal Türü | Kitap |
| 900 ## - YEREL BİLGİ | |
| Kontrol | Can Çelik |
| Geri Çekilme Durumu | Kayıp Durumu | Sınıflandırma Kaynağı | Kredi için değil | Kalıcı Konum | Mevcut Konum | Kayıt Tarih | Toplam Ödünçverme | Yer Numarası | Demirbaş Numarası | Son Görülme Tarihi | Fatura Tarihi | Materyal Türü |
|---|---|---|---|---|---|---|---|---|---|---|---|---|
| Dewey Decimal Classification | Büyükşehir Genç Akademi Kafe Sıhhiye | Büyükşehir Genç Akademi Kafe Sıhhiye | 04/10/2024 | 956.1024 ATA 2018 | ABB110146 | 04/10/2024 | 04/10/2024 | Kitap |
